University physics (Record no. 4492)
[ view plain ]
| 000 -LEADER | |
|---|---|
| fixed length control field | 00482 a2200169 4500 |
| 020 ## - INTERNATIONAL STANDARD BOOK NUMBER | |
| International Standard Book Number | 0-201-07199-1 |
| 040 ## - CATALOGING SOURCE | |
| Original cataloging agency | DLC |
| Language of cataloging | DLC |
| 100 1# - MAIN ENTRY--PERSONAL NAME | |
| Personal name | Sears, Francis Weston, |
| 245 00 - TITLE STATEMENT | |
| Title | University physics |
| Statement of responsibility, etc. | Francis W. Sears, Mark W. Zemansjy, Hugh D. Young |
| 250 ## - EDITION STATEMENT | |
| Edition statement | 6. ed. |
| 260 ## - PUBLICATION, DISTRIBUTION, ETC. | |
| Place of publication, distribution, etc. | Reading, Mass., |
| Date of publication, distribution, etc. | 1982 |
| 300 ## - PHYSICAL DESCRIPTION | |
| Extent | 300 s. |
| 440 #0 - SERIES STATEMENT/ADDED ENTRY--TITLE | |
| Title | Addison-Wesley series in physics, |
| 700 1# - ADDED ENTRY--PERSONAL NAME | |
| Personal name | Zemansky, Mark W. |
| Relator code | oth |
| 700 1# - ADDED ENTRY--PERSONAL NAME | |
| Personal name | Young, Hugh D., |
| Dates associated with a name | 1930- |
| Relator code | oth |
| 942 ## - ADDED ENTRY ELEMENTS (KOHA) | |
| Koha item type | Book |
| Call number prefix | 530 SEA |
| Source of classification or shelving scheme | |
| Withdrawn status | Lost status | Damaged status | Not for loan | Collection code | Permanent Location | Current Location | Shelving location | Date acquired | Source of acquisition | Cost, normal purchase price | Total Checkouts | Total Renewals | Full call number | Barcode | Checked out | Date last seen | Date last checked out | Price effective from | Koha item type | Source of classification or shelving scheme |
|---|---|---|---|---|---|---|---|---|---|---|---|---|---|---|---|---|---|---|---|---|
| Central Library (CL) | Central Library (CL) | General Stacks | 05/05/2005 | Allied Book Company | 550.12 | 4 | 1 | 530 SEA | SEECS005646 | 11/20/2022 | 09/13/2022 | 09/13/2022 | 01/05/2017 | Book | ||||||
| Central Library (CL) | Central Library (CL) | General Stacks | 01/18/2003 | Pak Book Corporation | 532.88 | 1 | 530 SEA | SEECS002973 | 01/14/2022 | 12/04/2021 | 01/05/2017 | Book | ||||||||
| NUST Baluchistan Campus (NBC) | NUST Baluchistan Campus (NBC) | General Stacks | 11/17/2025 | QD-92 | 11/17/2025 | 11/17/2025 | Book |
